00705cam a22002411 4500001001300000003000400013005001700017008004100034010001700075035001800092040001800110042001200128050002500140100002600165245013900191250001300330260002700343300001800370500002400388740002300412740001100435999001700446sa 68017183 DLC20260227112700.0720613s1965 xx 000 0 ind  asa 68017183  a(OCoLC)331358 aDLCcOAUdDLC apremarc00aDS644b.2 1962.S95630 aSoekarno,d1901-1970.10aTahun kemenangan. bA year of triumph. cAmanat P. J. M. Presiden R. I. pada hari perajaan ulang tahun Kemerdekaan R. I. 17 Aug. 1962. aTjet. 2. aMedan,bHarrisc[1965] a44 p.c17 cm. aCover title: Takem.2 aA year of triumph.0 aTakem. c87568d87568